| 000 | 00387nam a22001337a 4500 | ||
|---|---|---|---|
| 040 | _cNUST | ||
| 082 | _a200 THE | ||
| 100 |
_aMuhammad Zain Tariq _9118440 |
||
| 110 |
_aSupervisor Dr. Hassan Elahi _9118439 |
||
| 245 | _aTH-SOF-2211-Design and Development of Phase Sensitive Demodulator | ||
| 260 |
_aISLAMABAD: _bNUST COLLEGE OF EME, _c2023. |
||
| 650 | _aMS-MTS-19 | ||
| 942 |
_2ddc _cTHE |
||
| 999 |
_c603385 _d603385 |
||